000 00881 a2200217 4500
005 2008090504484.0
008 080905t xxu||||| |||| 00| 0 eng d
010 _aENG-87567
020 _a8188340138
_c250.00
035 _aEN-71100
037 _bDBAD / PUB
082 _a303.40954
100 _aMane, Suresh
245 _aGlimpses of socio-cultural revolts in India
_cby Suresh Mane
260 _aMumbai
_bSamrudh Bharat Publications
_c2006
270 _aB/6, Shalimar Apartment, W.E. Highway, Santacruz(E),
_bMumbai
_e400 055
_k26691076, 9322503549
300 _a287 p.
_c21 cm ( Hb.)
500 _aIncludes bibliograpgical references
942 _adpl
_cEN
_k303.40954/MAN
_2ddc
_h303.40954
_mMAN
999 _c6724
_d6724